[Event "SLO-chT Central 22nd"]
[Site "Slovenia"]
[Date "2021.10.28"]
[Round "7.3"]
[White "Sedlar, Tomo"]
[Black "Borstnik, Ales"]
[Result "1-0"]
[WhiteElo "1860"]
[BlackElo "1790"]
[PlyCount "61"]
[EventDate "2021.09.16"]
[EventType "team-tourn"]
[EventRounds "7"]
[EventCountry "SLO"]
[SourceTitle "EXT 2024"]
[Source "ChessBase"]
[SourceDate "2023.10.10"]
[SourceVersion "1"]
[SourceVersionDate "2023.10.10"]
[SourceQuality "1"]
[WhiteTeam "Menges Trzin"]
[BlackTeam "Trzin Buscotrade"]
[WhiteTeamCountry "SLO"]
[BlackTeamCountry "SLO"]

1. d4 Nf6 2. c4 g6 3. Nc3 Bg7 4. Nf3 d6 5. Bf4 0-0 6. e3 Bf5 7. Bd3 Bxd3 8. Qxd3 Nc6 9. 0-0 Re8 10. Rfd1 e5 11. dxe5 Nxe5 12. Nxe5 dxe5 13. Qxd8 Raxd8 14. Rxd8 Rxd8 15. Bxe5 c6 16. Rd1 Rxd1+ 17. Nxd1 Ne4 18. Bxg7 Kxg7 19. f3 Nd6 20. b3 f5 21. Nc3 Kf6 22. Kf2 Ke5 23. Ke2 g5 24. g3 h5 25. Kd3 b6 26. f4+ Kf6 27. e4 gxf4 28. gxf4 Nf7 29. e5+ Ke6 30. Ne2 h4 31. Nd4+ 1-0

[Event "SLO-chT2 West"]
[Site "Komenda"]
[Date "2019.11.16"]
[Round "2.5"]
[White "Borstnik, Ales"]
[Black "Sirk, Matija"]
[Result "1-0"]
[WhiteElo "1779"]
[BlackElo "1322"]
[PlyCount "83"]
[EventDate "2019.11.15"]
[EventType "team-tourn"]
[EventRounds "9"]
[EventCountry "SLO"]
[SourceTitle "EXT 2024"]
[Source "ChessBase"]
[SourceDate "2023.10.10"]
[SourceVersion "1"]
[SourceVersionDate "2023.10.10"]
[SourceQuality "1"]
[WhiteTeam "Trzin"]
[BlackTeam "Vrhnika"]
[WhiteTeamCountry "SLO"]
[BlackTeamCountry "SLO"]

1. e4 c5 2. Nf3 d6 3. d4 cxd4 4. Nxd4 Nf6 5. Nc3 Nc6 6. Be3 Ng4 7. Qd2 Nxe3 8. Qxe3 Qb6 9. 0-0-0 e5 10. Nf5 Qxe3+ 11. Nxe3 Be7 12. Nb5 0-0 13. Nxd6 Nd4 14. Ndc4 Nc6 15. Nd5 Bg5+ 16. Kb1 Be6 17. Nce3 Rfd8 18. Be2 Nd4 19. Bd3 Rac8 20. c3 Nc6 21. h4 Bh6 22. Bb5 Rd7 23. g4 Bxe3 24. Nxe3 Rcd8 25. Rxd7 Rxd7 26. Kc2 a6 27. Bc4 Nd8 28. Rd1 Rxd1 29. Kxd1 Bd7 30. f3 Kf8 31. Nd5 Ne6 32. Nb6 Bc6 33. Bxe6 fxe6 34. Nc4 Ke7 35. Nxe5 Be8 36. Kd2 b5 37. b4 Kd6 38. f4 h6 39. Ke3 h5 40. g5 g6 41. Kd4 Bc6 42. Nxc6 1-0

[Event "Ljubljana-chT 71st"]
[Site "Ljubljana"]
[Date "2018.01.26"]
[Round "3.3"]
[White "Jelen, Miha"]
[Black "Borstnik, Ales"]
[Result "1-0"]
[WhiteElo "1929"]
[BlackElo "1793"]
[PlyCount "29"]
[EventDate "2018.01.11"]
[EventType "team-tourn"]
[EventRounds "9"]
[EventCountry "SLO"]
[SourceTitle "EXT 2020"]
[Source "ChessBase"]
[SourceDate "2019.10.17"]
[SourceVersion "1"]
[SourceVersionDate "2019.10.17"]
[SourceQuality "1"]
[WhiteTeam "Ig"]
[BlackTeam "Trzin Buscotrade"]
[WhiteTeamCountry "SLO"]
[BlackTeamCountry "SLO"]

1. e4 c5 2. Nf3 d6 3. c3 Nf6 4. Bd3 Nc6 5. h3 a6 6. a4 e6 7. Bc2 Be7 8. 0-0 0-0 9. d4 cxd4 10. cxd4 Bd7 11. Nc3 Rc8 12. Bg5 h6 13. Bh4 Nxe4 14. Bxe7 Nxc3 15. Qd3 1-0

[Event "SLO-chT Central 18th"]
[Site "Slovenia"]
[Date "2017.10.05"]
[Round "4.3"]
[White "Borstnik, Ales"]
[Black "Kralj, Nejc"]
[Result "1-0"]
[WhiteElo "1786"]
[BlackElo "1726"]
[PlyCount "79"]
[EventDate "2017.09.14"]
[EventType "team-tourn"]
[EventRounds "7"]
[EventCountry "SLO"]
[SourceTitle "EXT 2019"]
[Source "ChessBase"]
[SourceDate "2018.10.10"]
[SourceVersion "1"]
[SourceVersionDate "2018.10.10"]
[SourceQuality "1"]
[WhiteTeam "Trzin Buscotrade"]
[BlackTeam "Komenda Pogi"]
[WhiteTeamCountry "SLO"]
[BlackTeamCountry "SLO"]

1. e4 e6 2. d4 d5 3. Nc3 Nf6 4. e5 Nfd7 5. Nf3 c5 6. Be3 Nc6 7. dxc5 Ndxe5 8. Nxe5 Nxe5 9. Qd4 Nc6 10. Bb5 Bd7 11. Bxc6 Bxc6 12. Bh6 Qf6 13. Qxf6 gxf6 14. Bxf8 Rxf8 15. 0-0 Rg8 16. Ne2 e5 17. Rfe1 Kd7 18. Rad1 Kc7 19. g3 h5 20. f4 h4 21. Kf2 hxg3+ 22. hxg3 Rh8 23. Rh1 d4 24. Rxh8 Rxh8 25. Rd3 Rh2+ 26. Ke1 Be4 27. Rd2 Kc6 28. Nxd4+ exd4 29. Rxh2 Kxc5 30. Kd2 Kc4 31. a3 a5 32. b3+ Kc5 33. Rh5+ Kb6 34. Rh6 Kc5 35. Rxf6 Bd5 36. Kd3 b5 37. Rf5 a4 38. b4+ Kd6 39. Kxd4 Bc4 40. Rc5 1-0

[Event "SLO-chT Central 18th"]
[Site "Slovenia"]
[Date "2017.09.28"]
[Round "3.4"]
[White "Borstnik, Ales"]
[Black "Juhant, Igor"]
[Result "0-1"]
[WhiteElo "1786"]
[BlackElo "1976"]
[PlyCount "70"]
[EventDate "2017.09.14"]
[EventType "team-tourn"]
[EventRounds "7"]
[EventCountry "SLO"]
[SourceTitle "EXT 2019"]
[Source "ChessBase"]
[SourceDate "2018.10.10"]
[SourceVersion "1"]
[SourceVersionDate "2018.10.10"]
[SourceQuality "1"]
[WhiteTeam "Trzin Buscotrade"]
[BlackTeam "Komenda Popotnik"]
[WhiteTeamCountry "SLO"]
[BlackTeamCountry "SLO"]

1. e4 c6 2. d4 d5 3. e5 Bf5 4. Nc3 e6 5. Nge2 Ne7 6. Ng3 Bg6 7. Be2 c5 8. dxc5 Nec6 9. Be3 d4 10. Bxd4 Qxd4 11. Nb5 Qxe5 12. 0-0 Na6 13. Re1 Bxc5 14. Bc4 Qf4 15. Bxe6 Qxf2+ 16. Kh1 0-0 17. Rf1 Qxc2 18. Rxf7 Qxd1+ 19. Rf1+ Bf7 20. Bxf7+ Rxf7 21. Rfxd1 Nc7 22. Nc3 Rd8 23. Re1 Bf2 24. Re4 Bxg3 25. hxg3 Rd2 26. b3 Rff2 27. Rae1 Rxg2 28. Ne2 Rf2 29. Kg1 Rf6 30. Nc3 Rf3 31. Ne2 Rf6 32. Nc3 Nd4 33. Rc1 Nf3+ 34. Kf1 Rh6 35. Ne2 Rh1+ 0-1

[Event "Ljubljana-chT 70th 1st League"]
[Site "Ljubljana"]
[Date "2017.02.16"]
[Round "5.2"]
[White "Borstnik, Ales"]
[Black "Mlakar, Matej"]
[Result "1-0"]
[WhiteElo "1772"]
[BlackElo "1516"]
[PlyCount "107"]
[EventDate "2017.01.12"]
[EventType "team-swiss"]
[EventRounds "9"]
[EventCountry "SLO"]
[SourceTitle "EXT 2022"]
[Source "ChessBase"]
[SourceDate "2021.10.06"]
[SourceVersion "1"]
[SourceVersionDate "2021.10.06"]
[SourceQuality "1"]
[WhiteTeam "Trzin Buscotrade II"]
[BlackTeam "Komenda Pogi"]
[WhiteTeamCountry "SLO"]
[BlackTeamCountry "SLO"]

1. e4 e5 2. Nf3 Nc6 3. Bc4 Nf6 4. Ng5 d5 5. exd5 Na5 6. Bb5+ Bd7 7. Qe2 Be7 8. Bxd7+ Qxd7 9. Qxe5 Qxd5 10. Qxd5 Nxd5 11. d3 Nb4 12. Kd1 h6 13. Nf3 0-0-0 14. Nc3 Bf6 15. Ne4 Be7 16. a3 Nd5 17. Re1 Rhe8 18. Bd2 Nc6 19. Nc3 Nf6 20. h3 a6 21. Ne5 Nxe5 22. Rxe5 Bd6 23. Rxe8 Rxe8 24. Be3 Kd7 25. Kd2 Be5 26. d4 Bd6 27. Re1 c6 28. Kd3 Nd5 29. Ne2 Nxe3 30. fxe3 c5 31. d5 Re5 32. c4 Be7 33. Rf1 Bf6 34. b3 Ke7 35. e4 Kd6 36. g4 Re7 37. Ng3 Kd7 38. Nf5 Re5 39. Rf3 a5 40. a4 b6 41. Ng3 Re7 42. Rf5 Be5 43. Ne2 Kd6 44. Ng1 f6 45. Rf1 Bd4 46. Nf3 Be5 47. Nh4 Kd7 48. Ng6 Re8 49. Rf5 Kd6 50. Rf3 Bd4 51. Nh4 Kd7 52. Nf5 Rg8 53. Nxd4 cxd4 54. Kxd4 1-0

[Event "Ljubljana-chT 70th 1st League"]
[Site "Ljubljana"]
[Date "2017.02.09"]
[Round "4.2"]
[White "Skok, Boris"]
[Black "Borstnik, Ales"]
[Result "1-0"]
[WhiteElo "2035"]
[BlackElo "1772"]
[PlyCount "63"]
[EventDate "2017.01.12"]
[EventType "team-swiss"]
[EventRounds "9"]
[EventCountry "SLO"]
[SourceTitle "EXT 2022"]
[Source "ChessBase"]
[SourceDate "2021.10.06"]
[SourceVersion "1"]
[SourceVersionDate "2021.10.06"]
[SourceQuality "1"]
[WhiteTeam "Bor Dob"]
[BlackTeam "Trzin Buscotrade II"]
[WhiteTeamCountry "SLO"]
[BlackTeamCountry "SLO"]

1. d4 Nf6 2. c4 g6 3. Nc3 Bg7 4. e4 d6 5. h3 0-0 6. Nf3 Nc6 7. d5 Ne5 8. Nxe5 dxe5 9. Be2 e6 10. 0-0 exd5 11. cxd5 a6 12. Be3 Re8 13. Qc2 Bd7 14. Rfd1 Qb8 15. Rac1 c6 16. Na4 cxd5 17. Nb6 d4 18. Bg5 Bc6 19. Bxf6 Bxf6 20. Nxa8 Qxa8 21. Qd3 Bg5 22. Rc2 Qd8 23. Qf3 Re6 24. Bd3 Rf6 25. Qe2 Bh4 26. g3 Bg5 27. Qg4 Bh6 28. Qh4 Bg7 29. Rdc1 Qb6 30. Qg4 Qd8 31. Rc5 Bd7 32. Rc8 1-0

[Event "Ljubljana-chT 70th 1st League"]
[Site "Ljubljana"]
[Date "2017.01.19"]
[Round "2.1"]
[White "Lazarevic, Djordje"]
[Black "Borstnik, Ales"]
[Result "0-1"]
[WhiteElo "1725"]
[BlackElo "1772"]
[PlyCount "94"]
[EventDate "2017.01.12"]
[EventType "team-swiss"]
[EventRounds "9"]
[EventCountry "SLO"]
[SourceTitle "EXT 2022"]
[Source "ChessBase"]
[SourceDate "2021.10.06"]
[SourceVersion "1"]
[SourceVersionDate "2021.10.06"]
[SourceQuality "1"]
[WhiteTeam "Zelenci LPP"]
[BlackTeam "Trzin Buscotrade II"]
[WhiteTeamCountry "SLO"]
[BlackTeamCountry "SLO"]

1. e4 c5 2. Nf3 d6 3. d4 cxd4 4. Nxd4 Nf6 5. Nc3 a6 6. Bc4 e6 7. Bb3 Be7 8. 0-0 0-0 9. f4 b5 10. a3 Bb7 11. Qd3 Nbd7 12. Re1 Nc5 13. Qf3 Nxb3 14. Nxb3 Rc8 15. Be3 Qc7 16. Rad1 d5 17. exd5 Nxd5 18. Nxd5 Bxd5 19. Qf2 Qxc2 20. Qxc2 Rxc2 21. Nc1 Rxg2+ 22. Kf1 Rxb2 23. Rxd5 exd5 24. Bd4 Rc2 25. Rxe7 Rxc1+ 26. Kf2 Rc2+ 27. Kg3 Rd2 28. Bc5 Rc8 29. Bb4 Rd3+ 30. Kg4 h6 31. h4 Rd4 32. Ra7 Rcc4 33. Bd6 Rc6 34. Be5 Rg6+ 35. Kf5 Ra4 36. Ra8+ Kh7 37. Ra7 Rxa3 38. h5 Rg2 39. Rxf7 Rh3 40. Ra7 Rxh5+ 41. Ke6 d4 42. f5 d3 43. Rd7 d2 44. f6 d1Q 45. Rxd1 Rxe5+ 46. Kxe5 Re2+ 47. Kf4 Rf2+ 0-1

[Event "SLO-chT2 West"]
[Site "Komenda"]
[Date "2016.11.27"]
[Round "9.5"]
[White "Krivec, Metod"]
[Black "Borstnik, Ales"]
[Result "1/2-1/2"]
[WhiteElo "1778"]
[BlackElo "1747"]
[PlyCount "71"]
[EventDate "2016.11.11"]
[EventType "team-tourn"]
[EventRounds "9"]
[EventCountry "SLO"]
[SourceTitle "EXT 2019"]
[Source "ChessBase"]
[SourceDate "2018.10.10"]
[SourceVersion "1"]
[SourceVersionDate "2018.10.10"]
[SourceQuality "1"]
[WhiteTeam "Radovljica"]
[BlackTeam "Trzin"]
[WhiteTeamCountry "SLO"]
[BlackTeamCountry "SLO"]

1. d4 Nf6 2. c4 g6 3. Nc3 Bg7 4. e4 d6 5. Nf3 0-0 6. Be2 e5 7. d5 Nbd7 8. 0-0 b6 9. Bg5 Qe8 10. b4 a6 11. Qd2 Nh5 12. g3 f5 13. Bh6 f4 14. Bxg7 Nxg7 15. g4 Qe7 16. Ne1 Qh4 17. Qd3 Nf6 18. Ng2 Qh6 19. f3 g5 20. a4 Qg6 21. h3 h5 22. Kf2 Kf7 23. Ke1 Rh8 24. Kd2 Bd7 25. Nd1 hxg4 26. hxg4 Rh2 27. Rg1 Rah8 28. Nf2 Ke7 29. c5 Ra8 30. c6 Bc8 31. Raf1 Qh6 32. Ra1 Qg6 33. Raf1 Qh6 34. Ra1 Qg6 35. Raf1 Qh6 36. Ra1 1/2-1/2

[Event "SLO-chT Central 1st League 17th"]
[Site "Slovenia"]
[Date "2016.10.27"]
[Round "6.1"]
[White "Sedlar, Tomo"]
[Black "Borstnik, Ales"]
[Result "0-1"]
[WhiteElo "1861"]
[BlackElo "1747"]
[PlyCount "98"]
[EventDate "2016.09.22"]
[EventType "team-tourn"]
[EventRounds "7"]
[EventCountry "SLO"]
[SourceTitle "EXT 2023"]
[Source "ChessBase"]
[SourceDate "2022.10.05"]
[SourceVersion "1"]
[SourceVersionDate "2022.10.05"]
[SourceQuality "1"]
[WhiteTeam "Menges Trzin"]
[BlackTeam "Dom In Agencija Neprem"]
[WhiteTeamCountry "SLO"]
[BlackTeamCountry "SLO"]

1. d4 Nf6 2. c4 g6 3. Nc3 Bg7 4. Nf3 d6 5. Bf4 0-0 6. e3 Nc6 7. a3 e6 8. Be2 a6 9. 0-0 Ne7 10. h3 Bd7 11. Qb3 Bc6 12. Rfd1 Re8 13. Rac1 Rb8 14. Qc2 Qc8 15. e4 b6 16. d5 exd5 17. cxd5 Bb7 18. Na2 Nxe4 19. Bc4 b5 20. Bb3 Nc5 21. Nc3 Nxb3 22. Qxb3 Qf5 23. Bg3 Bxc3 24. Qxc3 Nxd5 25. Qd2 Rbc8 26. Qh6 Nf6 27. Nd4 Qh5 28. Qf4 Ne4 29. Bh2 Qg5 30. Qxg5 Nxg5 31. f3 Ne6 32. Nb3 Kg7 33. Na5 Ba8 34. Kf2 Kf6 35. Nc6 Bxc6 36. Rxc6 Ra8 37. g4 h6 38. Bg3 Ke7 39. Rdc1 Kd7 40. f4 Nc5 41. R6xc5 dxc5 42. Rxc5 Re6 43. f5 Rc6 44. Rd5+ Ke7 45. Bh4+ g5 46. Bg3 f6 47. Rd2 Rd8 48. Re2+ Kf7 49. h4 Rd4 0-1